Spaghetti and meatballs for all! : (Record no. 4029)

MARC details
000 -LEADER
fixed length control field 01305cam a2200361 a 4500
001 - CONTROL NUMBER
control field 4029
003 - CONTROL NUMBER IDENTIFIER
control field FISKH
005 - DATE AND TIME OF LATEST TRANSACTION
control field 20251218141219.0
008 - FIXED-LENGTH DATA ELEMENTS--GENERAL INFORMATION
fixed length control field 960807s1997 nyua c 000 1 eng
010 ## - LIBRARY OF CONGRESS CONTROL NUMBER
LC control number 96036082
020 ## - INTERNATIONAL STANDARD BOOK NUMBER
International Standard Book Number 0590944592
020 ## - INTERNATIONAL STANDARD BOOK NUMBER
International Standard Book Number 9780545044455
040 ## - CATALOGING SOURCE
Original cataloging agency DLC
Transcribing agency DLC
Modifying agency DLC
Language of cataloging eng
042 ## - AUTHENTICATION CODE
Authentication code lcac
050 00 - LIBRARY OF CONGRESS CALL NUMBER
Classification number PZ7.B93736
Item number Sp 1997
082 00 - DEWEY DECIMAL CLASSIFICATION NUMBER
Classification number 513
Edition number 20
100 1# - MAIN ENTRY--PERSONAL NAME
Personal name Burns, Marilyn,
Dates associated with a name 1941-
245 10 - TITLE STATEMENT
Title Spaghetti and meatballs for all! :
Remainder of title a mathematical story /
Statement of responsibility, etc. written by Marilyn Burns ; illustrated by Debbie Tilley.
260 ## - PUBLICATION, DISTRIBUTION, ETC.
Place of publication, distribution, etc. New York :
Name of publisher, distributor, etc. Scholastic,
Date of publication, distribution, etc. 1997.
300 ## - PHYSICAL DESCRIPTION
Extent 38 unnumbered pages :
Other physical details color illustrations ;
Dimensions 21 ×​ 26 cm
500 ## - GENERAL NOTE
General note "A Marilyn Burns brainy day book."
505 ## - FORMATTED CONTENTS NOTE
Formatted contents note R<br/>
520 ## - SUMMARY, ETC.
Summary, etc. The seating for a family reunion gets complicated as people rearrange the tables and chairs to seat additional guests.
521 8# - TARGET AUDIENCE NOTE
Target audience note 680<br/>
Source Lexile estimate <br/><br/>
521 8# - TARGET AUDIENCE NOTE
Target audience note R<br/>
Source Raz-Plus<br/>
650 #1 - SUBJECT ADDED ENTRY--TOPICAL TERM
Topical term or geographic name entry element Family reunions
Form subdivision Fiction.
650 #1 - SUBJECT ADDED ENTRY--TOPICAL TERM
Topical term or geographic name entry element Mathematics
Form subdivision Fiction.
700 1# - ADDED ENTRY--PERSONAL NAME
Personal name Tilley, Debbie,
Relator term illustrator
906 ## - LOCAL DATA ELEMENT F, LDF (RLIN)
a 7
b cbc
c orignew
d 1
e ocip
f 19
g y-gencatlg
942 ## - ADDED ENTRY ELEMENTS (KOHA)
Source of classification or shelving scheme Dewey Decimal Classification
Koha item type Books
Suppress in OPAC No
Holdings
Withdrawn status Lost status Source of classification or shelving scheme Damaged status Not for loan Collection Home library Current library Shelving location Date acquired Total Checkouts Full call number Barcode Date last seen Copy number Price effective from Koha item type
    Dewey Decimal Classification     Juvenile Fiction Footprints International School Library Network Toul Kork Campus Footprints International School Library Network Toul Kork Campus TK Primary Library Room(4th Floor), Bookcase 5&6, Shelves 33-56, Orange Books 05/31/2024   BUR 513 PZ7.B93736 FISTK01777 05/31/2024 1 05/31/2024 Books
    Dewey Decimal Classification     Juvenile Fiction Footprints International School Library Network Toul Tom Poung Campus Footprints International School Library Network Toul Tom Poung Campus TTP Primary Orange Bookshelves 12/18/2025   BUR 513 PZ7.B93736 FIS01607 12/18/2025 2 12/18/2025 Books